| 000 | 00737nam a22002177a 4500 | ||
|---|---|---|---|
| 003 | OSt | ||
| 005 | 20251023035639.0 | ||
| 008 | 251023b |||||||| |||| 00| 0 eng d | ||
| 020 | _a978-1-4000-8277-3 | ||
| 040 |
_aDWC-Main Lib. _cOC |
||
| 082 | _aCirc. 973.04059 Ob12d 2004 | ||
| 245 |
_aDreams from my father : _ba story of race and inheritance/ |
||
| 260 |
_aNew York : _bThree Rivers Press, _cc2004. |
||
| 300 |
_axvii, 457 pages ; _c20 cm. |
||
| 650 | _a1. Obama, Barrack. | ||
| 650 | _a2. African Americans--Biography. | ||
| 650 | _a3. Racially mixed people--United States--Biography. | ||
| 650 | _a4. Racism--United States. | ||
| 650 | _a5. United States--Race relations. | ||
| 942 |
_2ddc _cBK-CIRC _hCirc. _n0 |
||
| 999 |
_c5046 _d5046 |
||